Chelsea Kader 25/26 - Statistiken

Allgemein
  • Dieses Quiz wurde 101 mal gespielt
  • Das Durchschnittsergebnis liegt bei 15 aus 31
Antwortstatistiken
Rückennummer Position Spieler % Korrekt
10 ZOM Cole Palmer
90%
8 Z Enzo Fernández
85%
3 LV Marc Cucurella
85%
25 ZDM Moisés Caicedo
82%
24 RV Reece James
82%
1 TW Robert Sánchez
79%
20 ST João Pedro
68%
9 ST Liam Delap
61%
7 RF Pedro Neto
61%
11 LF Jamie Gittens
54%
27 RV Malo Gusto
54%
49 LF Alejandro Garnacho
51%
23 IV Trevoh Chalobah
49%
12 TW Filip Jørgensen
47%
29 IV Wesley Fofana
43%
- LF Raheem Sterling
40%
41 RF Estêvão
39%
5 IV Benoît Badiashile
38%
38 ST Marc Guiu
38%
17 ZM Andrey Santos
35%
2 IV Axel Disasi
35%
6 IV Levi Colwill
33%
4 IV Tosin Adarabioyo
33%
45 ZDM Roméo Lavia
32%
21 LV Jorrel Hato
29%
- RF Mykhaylo Mudryk
28%
32 LF Tyrique George
26%
34 RV Josh Acheampong
24%
40 ZOM Facundo Buonanotte
18%
44 TW Gabriel Slonina
18%
14 ZDM Dário Essugo
13%
Keine übereinstimmenden Quizze gefunden
Verteilung der Resultate
Anzahl Personen mit jedem Resultat
Perzentil nach korrekt beantworteten Fragen
Ihre Resultats-Entwicklung
Sie haben dieses Quiz noch nicht gespielt